Attack of the lizardmen : (Record no. 2788)
[ view plain ]
| 000 -LEADER | |
|---|---|
| fixed length control field | 01212nam a22002177a 4500 |
| 005 - DATE AND TIME OF LATEST TRANSACTION | |
| control field | 20240115124116.0 |
| 020 ## - INTERNATIONAL STANDARD BOOK NUMBER | |
| International Standard Book Number | 9789814193153 |
| 040 ## - CATALOGING SOURCE | |
| Original cataloging agency | FISKH |
| Language of cataloging | eng |
| Transcribing agency | FISKH |
| Modifying agency | FISKH |
| 082 ## - DEWEY DECIMAL CLASSIFICATION NUMBER | |
| Classification number | Fic |
| 100 ## - MAIN ENTRY--PERSONAL NAME | |
| Personal name | Lee, James |
| 245 ## - TITLE STATEMENT | |
| Title | Attack of the lizardmen : |
| Remainder of title | the body switchers / |
| Statement of responsibility, etc. | Mr Midnight ; James Lee |
| 260 ## - PUBLICATION, DISTRIBUTION, ETC. | |
| Place of publication, distribution, etc. | Singapore : |
| Name of publisher, distributor, etc. | Angsana Books, |
| Date of publication, distribution, etc. | 2006 |
| 300 ## - PHYSICAL DESCRIPTION | |
| Extent | 125 pages ; |
| Dimensions | 20 cm |
| 490 ## - SERIES STATEMENT | |
| Series statement | Mr Midnight ; |
| Volume/sequential designation | Book 30 |
| 505 ## - FORMATTED CONTENTS NOTE | |
| Formatted contents note | N |
| 520 ## - SUMMARY, ETC. | |
| Summary, etc. | Turn off your lights, get ready for frights! When the clock strikes midnight and the moon's full and bright, it's time for dread and fear. For Mr. Midnight is here with two stories, double the danger and twice the terror! STORY ONE: Talia Tan sees a monster lizard in a tunnel, but nobody believes her until the lizards begin stalking her and her friends. Will they survive the ATTACK OF THE LIZARDMEN, or perish in a sinister underground prison? STORY TWO: Strange and scary things occur when Willis Tay is sent to stay with his weird aunt. Little does he know his life is at stake when he battles THE BODY SWITCHERS, evil beings from the Other Zone. |
| 521 ## - TARGET AUDIENCE NOTE | |
| Target audience note | 700 |
| Source | Lexile estimate |
| 521 ## - TARGET AUDIENCE NOTE | |
| Target audience note | N |
| Source | Raz-Plus |
| 942 ## - ADDED ENTRY ELEMENTS (KOHA) | |
| Source of classification or shelving scheme | Dewey Decimal Classification |
| Koha item type | Books |
| Suppress in OPAC | No |
| 999 ## - | |
| -- | 2788 |
| -- | 2788 |
| Withdrawn status | Lost status | Source of classification or shelving scheme | Damaged status | Not for loan | Collection | Home library | Current library | Shelving location | Date acquired | Total Checkouts | Full call number | Barcode | Date last seen | Price effective from | Koha item type |
|---|---|---|---|---|---|---|---|---|---|---|---|---|---|---|---|
| Dewey Decimal Classification | Juvenile Fiction | Footprints International School Library Network Toul Kork Campus | Footprints International School Library Network Toul Kork Campus | 01/15/2024 | LEE Fic | FIS05598 | 01/15/2024 | 01/15/2024 | Books |
